|
|
|
|
| LEADER |
01157nam a2200337 a 4500 |
| 001 |
000270415 |
| 003 |
CZ BrMZK |
| 005 |
20210126194322.0 |
| 007 |
ta |
| 008 |
980115s1998 xr e f 0 cze d |
| 015 |
|
|
|a cnb000298868
|
| 020 |
|
|
|a 80-7198-275-X
|
| 035 |
|
|
|a (OCoLC)40090359
|
| 040 |
|
|
|a BOA001
|b cze
|
| 072 |
|
7 |
|a 316.4/.7
|x Sociální interakce. Sociální komunikace
|2 Konspekt
|9 18
|
| 080 |
|
|
|a 316.472.4
|2 MRF
|
| 080 |
|
|
|a 316.6
|2 MRF
|
| 080 |
|
|
|a 159.95
|2 MRF
|
| 080 |
|
|
|a (0.062)
|2 MRF
|
| 100 |
1 |
|
|a Crement, Xavier
|7 jx20080416011
|4 aut
|
| 245 |
1 |
0 |
|a Dost bylo kokotů! :
|b kniha, která vám objasní mnohé záhady společnosti /
|c Xavier Crement.
|
| 260 |
|
|
|a Olomouc :
|b Votobia,
|c 1998
|
| 300 |
|
|
|a 187 s. ;
|c 21 cm
|
| 650 |
0 |
7 |
|a interpersonální vztahy
|7 ph114786
|2 czenas
|
| 650 |
0 |
7 |
|a sociální psychologie
|7 ph116212
|2 czenas
|
| 650 |
0 |
7 |
|a lidské chování
|7 ph117221
|2 czenas
|
| 655 |
|
7 |
|a populárně-naučné publikace
|7 fd131864
|2 czenas
|
| 765 |
0 |
|
|t Asshole no more
|
| 910 |
|
|
|a BOA001
|b 2-1040.739
|
| 990 |
|
|
|a BK
|
| 996 |
6 |
|
|b 2610063878
|c 2-1040.739
|l MZK
|r Sklad / do 1 hodiny
|n 61
|p p.v.
|w 000270415
|u 000010
|a 1
|e BOA001
|j MZK50
|s P
|